000 00303nam a22001337a 4500
003 OSt
008 240803b |||||||| |||| 00| 0 eng d
082 _a631.584
_bP22M
100 _aPathak , R.K.
245 _aManual of Jaivik Krishi
260 _aCISTH Lucknow
_c2005
300 _a66
942 _cRP
_2ddc
999 _c43254
_d43254